She-Hulk cast - Statistics

General Stats
  • This quiz has been taken 4 times
  • The average score is 6 of 24
Answer Stats
actor character % Correct
Mark Ruffalo Bruce banner/ Hulk
100%
Tatiana Maslany jennifer Walters/ she Hulk
100%
Tim roth Emil Blonsky/ abomination
50%
Charlie Cox Matt Murdock/ Daredevil
50%
Jameela jamil Titania
50%
Benedict Wong Wong
50%
Nicholas Cirillo Cousin Ched
25%
Rhys Coiro Donny Blaze
25%
Patty Guggenheim Madisynn King
25%
renee Elise Goldsberry Mallory Book
25%
Ginger Gonzaga Nikki
25%
Josh Segarra Pug
25%
Michel Curiel arthur
0%
Candice Rose Aunt Melanie
0%
Leon Lamar Cornelius P Willows
0%
Drew Matthews dennis Bukowski
0%
David Otunga Derek
0%
Tess malis Kincaid Elaine walters
0%
brandon Stanley Eugene Patilio
0%
Steve Coulter Holden Holliway
0%
Griffin Matthews Luke jacobson
0%
Mark Linn-Baker Morris Walters
0%
Jon Bass Todd
0%
Nick Gomez Wrecker
0%
No matching quizzes found
Score Distribution
Percent of People with Each Score
Percentile by Number Answered
Your Score History
You have not taken this quiz